Quand le créateur artistique ou littéraire passe à l'acte (notice n° 2225429)
[ vue normale ]
| 000 -LEADER | |
|---|---|
| fixed length control field | 02505cam a2200169 4500500 |
| 005 - DATE AND TIME OF LATEST TRANSACTION | |
| control field | 20260426020107.0 |
| 041 ## - LANGUAGE CODE | |
| Language code of text/sound track or separate title | fre |
| 042 ## - AUTHENTICATION CODE | |
| Authentication code | dc |
| 100 10 - MAIN ENTRY--PERSONAL NAME | |
| Personal name | Fabre, Nicole |
| Relator term | author |
| 245 00 - TITLE STATEMENT | |
| Title | Quand le créateur artistique ou littéraire passe à l'acte |
| 260 ## - PUBLICATION, DISTRIBUTION, ETC. | |
| Date of publication, distribution, etc. | 2005.<br/> |
| 500 ## - GENERAL NOTE | |
| General note | 92 |
| 520 ## - SUMMARY, ETC. | |
| Summary, etc. | Être femme et écrire, cela n’est pas toujours allé de soi. Car comment, dans une société qui l’identifiait à la passivité de sa fonction procréatrice, une femme pouvait-elle légitimement passer à l’acte, prendre la plume ? Soumise à l’autorité d’un homme dont elle porte le nom, faire acte d’autorité? Nombreuses sont celles qui, pour ce faire, mirent leur identité de femme en retrait : anonymat, pseudonyme, retenue d’une expression féminine... Or, on le dit de la femme, versatile, la pudeur l’est... Et cet exil de leur féminité servit de « chambre à soi » où librement énoncer. Une marge aux interdits et contraintes de la société où, malgré tout, créer. Et tirer de la retenue dans laquelle elles étaient cantonnées la force de la pudeur, l’efficacité du retrait. |
| 520 ## - SUMMARY, ETC. | |
| Summary, etc. | Violette Leduc’s writing as an acting out. To be a woman and to write, from bastardy to authority To be a woman and to write has not always been obvious. When society identified women to the passivity of the child bearing function, how legitimately could a woman take a pen and actually write ? Under the authority of a man, whose family name she bears what of an act of authority ? Numerous are the ones who, so as to accomplish it, took their women identity away : anonymity, pseudonym, reserve of the feminine expression ... Such are women, versatile, so prudishness is... In addition, this femininity exile offered « a room of one’s own » where to carelessly speak out. A margin to society interdictions and restrains where, at last, one could create. Moreover, from the reserve in which she was held, the strength of decency, the effectiveness of reserve. Violette Leduc (1907-1972) ‘s acting is especially exemplary : her actual bastardy as a she-writer actualizing the identity problems of her gender, the decency she used when writing is twice fold. Her authority breaks through with the paradoxical intensity of her own reserve. |
| 786 0# - DATA SOURCE ENTRY | |
| Note | Imaginaire & Inconscient | 16 | 2 | 2005-11-01 | p. 101-117 | 1628-9676 |
| 856 41 - ELECTRONIC LOCATION AND ACCESS | |
| Uniform Resource Identifier | <a href="https://shs.cairn.info/revue-imaginaire-et-inconscient-2005-2-page-101?lang=fr&redirect-ssocas=7080">https://shs.cairn.info/revue-imaginaire-et-inconscient-2005-2-page-101?lang=fr&redirect-ssocas=7080</a> |
Pas d'exemplaire disponible.




Réseaux sociaux